000 00320nam a22001457a 4500
008 230721b ||||| |||| 00| 0 eng d
020 _a9780521246008
041 _aeng
080 _a53
082 _a53HAR
100 _a20.1
101 _aFIZIK
245 _aENERGY,FORCE AND MATTER
_cHARMAN .M .P
942 _2udc
_cBK
999 _c60196
_d60196